| 000 | 00363 a2200169 4500 | ||
|---|---|---|---|
| 001 | 73583 | ||
| 020 | _a | ||
| 040 | _cAnchieta - Colégio São Paulo | ||
| 100 | _aOliveira, Milton | ||
| 240 | 1 | 0 |
_aMortas paisagens _lpor |
| 245 | 1 | 0 | _aMortas paisagens |
| 300 | _a109 | ||
| 362 | 0 | _a1990 | |
| 440 | 1 | _aPaulinas | |
| 650 | 4 | _aFicção brasileira | |
| 942 | _cBK | ||
| 999 |
_c73583 _d73583 |
||